zpět

Detail výsledku týmu

The Pub Praha 2 PO, Praha

Datum a čas kvízu

33.5 Celkem bodů Celkový počet nahraných bodů na tomto kvízu bez doplňovacích otázek.
7. Pořadí na kvízu Konečné umístění týmu na tomto kvízu.

Zaznamenané odpovědi

# Otázka Odpověď Body Výsledky
1. Poslanec Andrej Babiš poněkud... tlumočníka do češtiny 0
2. Jak se jmenuje muž, který minu... princ Andrew 1
3. Minulý týden nás zaskočil jede... Karlos Vémola, Lela Ceterová 1
4. Britský supermarket Morrisons... D 0
5. Který český fotbalista se v ně... Patrik Schick 1
6. V cestovatelském seriálu nás č... Růžová hora 1
7. Jedním z nejnavštěvovanějších... ZOO 1
8. Jak se nazývá pískovcová skaln... Prachovské skály 0
9. Které z těchto oblíbených zimn... D 1
10. Ve které obci najdeme vyhlášen... v Dětenicích 1